Aligning Technology Strategy with Business Strategy CASE STUDY ON PTCL/ (Record no. 578809)
[ view plain ]
| 000 -LEADER | |
|---|---|
| fixed length control field | 00517nam a22001457a 4500 |
| 082 ## - DEWEY DECIMAL CLASSIFICATION NUMBER | |
| Classification number | 200 |
| 100 ## - MAIN ENTRY--PERSONAL NAME | |
| Personal name | Nabeel Amjad |
| 9 (RLIN) | 72825 |
| 245 ## - TITLE STATEMENT | |
| Title | Aligning Technology Strategy with Business Strategy CASE STUDY ON PTCL/ |
| Statement of responsibility, etc. | Nabeel Amjad |
| 260 ## - PUBLICATION, DISTRIBUTION, ETC. | |
| Place of publication, distribution, etc. | Rawalpindi |
| Name of publisher, distributor, etc. | NUST COLLEGE OF EME |
| Date of publication, distribution, etc. | 2012. |
| 300 ## - PHYSICAL DESCRIPTION | |
| Extent | 115,p; |
| Other physical details | ill; |
| Dimensions | 30,cm. |
| 650 ## - SUBJECT ADDED ENTRY--TOPICAL TERM | |
| Topical term or geographic name entry element | PhD-Engineering Management |
| 9 (RLIN) | 124516 |
| 700 ## - ADDED ENTRY--PERSONAL NAME | |
| Personal name | Supervisor;Dr.Muhammad Abbas Choudhary |
| 9 (RLIN) | 124520 |
| 856 ## - ELECTRONIC LOCATION AND ACCESS | |
| Uniform Resource Identifier | <a href="http://10.250.8.41:8080/xmlui/handle/123456789/27017">http://10.250.8.41:8080/xmlui/handle/123456789/27017</a> |
| 942 ## - ADDED ENTRY ELEMENTS (KOHA) | |
| Koha item type | Soft Copy |
| Source of classification or shelving scheme | |
| Withdrawn status | Lost status | Damaged status | Not for loan | Permanent Location | Current Location | Shelving location | Date acquired | Total Checkouts | Full call number | Barcode | Date last seen | Price effective from | Koha item type | Source of classification or shelving scheme |
|---|---|---|---|---|---|---|---|---|---|---|---|---|---|---|
| Central Library (CL) | Central Library (CL) | Thesis | 07/15/2024 | 200 | CLPT-185 | 07/15/2024 | 07/15/2024 | Soft Copy | ||||||
| College of Electrical & Mechanical Engineering (CEME) | College of Electrical & Mechanical Engineering (CEME) | Reference | 03/11/2020 | THE 200 | TH-SOF-0785 | 06/28/2021 | 06/28/2021 | Computer Files |
